000 00846nam a2200289 i 4500
001 000016913
003 DO-SdBNP
005 20260321073639.0
007 ta
008 091104s1982 dr 000 f spa d
040 _aDO-SdBNP
_bspa
_cBNPHU
_erda
041 _asp
082 _aRD863.44
_bB742m, 1982
_222
100 1 _a Bosch, Juan,
_d1909-2001
_eautor
_976555
245 1 3 _aLa mañosa /
_cJuan Bosch.
250 _aDécima edición
264 _aSanto Domingo :
_bAlfa y Omega,
_c1982.
300 _a220 páginas ;
_c22 cm.
336 _ardacontent
_btexto
_2txt
337 _ardamedia
_bsin mediación
_2n
338 _ardacarrier
_bvolumen
_2nc
590 _aInventariado, 2020 / DG
650 0 _aNovela dominicana
_9223
650 0 _aLiteratura dominicana.
_967
910 _aValidado. Control de calidad MMOLINA
942 _2ddc
_cLBS1
999 _c16445
_d16445